Kluby które zdobyły ligę mistrzów ? - Statystyki

Ogólne statystyki
  • Ten quiz został rozwiązany 43 razy
    14 od ostatniego zresetowania
  • Średni wynik to 16 z 23
Statystyki odpowiedzi
Wygrane Klub Kraj % Poprawnych
7 Ac Milan Włochy
100%
4 Ajax Holandia
100%
5 Barcelona Hiszpania
100%
3 Inter Mediolan Włochy
100%
6 Liverpool Anglia
100%
1 Manchester City Anglia
100%
14 Real Madryt Hiszpania
100%
6 Bayern Monachium Niemcy
92%
2 Juventus Włochy
92%
3 Manchester United Anglia
92%
2 Porto Portugalia
92%
1 Borussia Dortmund Niemcy
85%
2 Chelsea Anglia
85%
1 Celtic Szkocja
54%
1 Feyenoord Holandia
46%
1 PSV Holandia
46%
1 Aston Villa Anglia
31%
1 Hamburger Niemcy
31%
2 Nottingham Forest Anglia
31%
2 Benfika Portugalia
23%
1 Crvena Zvezda Serbia
23%
1 Marsylia Francja
23%
1 Bukareszt Rumunia
15%
Nie znaleziono quizów pasujących do podanych kryteriów
Rozkład punktacji
Procent ludzi z każdym wynikiem
Percentyl według liczby udzielonych odpowiedzi
Twoja historia wyników
Nie rozwiązałeś tego quizu od ostatniego zresetowania